000 00947nam a2200253 i 4500
001 124751
003 ES-MaACL
005 20251004063147.0
007 t|
008 070418s1919 sp ||||1| spa d
080 _a821.134.2-22"19"
100 1 _aBlasco, Ricardo,
_d1848-1917
_9160198
245 1 3 _aEl revisor
_b: juguete en tres actos, basado en el vaudeville ¿Vous n'avez rien a declarer? /
_coriginal de Maurice Hennequin & Pierre Veber; adaptación y cantables de Ricardo Blasco y Emilio Mario.
260 _a[Madrid :
_bLa Novela Teatral,
_c1919]
300 _a18 h. ;
_c20 cm.
490 1 _aLa novela teatral ;
_v143
500 _aEn la cub. caricatura de Carmen Ramos por Tovar.
700 1 _aHennequin, Maurice.
_962556
700 1 _aMario, Emilio.
_976874
700 1 _aVeber, Pierre.
_9113505
830 0 _aLa novela teatral ;
_v143
_9122427
852 _aES-MaACL
_j2215-F-6
_bR.138741
999 _c124751
_d124751